[Event "FRA-chT2 South 0607"]
[Site "France"]
[Date "2006.10.15"]
[Round "1.5"]
[White "Bedue, Julien"]
[Black "Sansorgne, Eliot"]
[Result "1-0"]
[WhiteElo "2122"]
[BlackElo "2049"]
[PlyCount "53"]
[EventDate "2006.10.15"]
[EventType "team"]
[EventRounds "11"]
[EventCountry "FRA"]
[SourceTitle "EXT 2008"]
[Source "ChessBase"]
[SourceDate "2007.11.25"]
[SourceVersion "1"]
[SourceVersionDate "2007.11.25"]
[SourceQuality "1"]
[WhiteTeam "Condom"]
[BlackTeam "Palavas les Flots"]
[WhiteTeamCountry "FRA"]
[BlackTeamCountry "FRA"]

1. c4 Nc6 2. Nc3 Nf6 3. g3 e5 4. Bg2 Bc5 5. d3 d6 6. Nf3 Ne7 7. 0-0 c6 8. Bg5 Be6 9. Bxf6 gxf6 10. Ne4 Nf5 11. Nxc5 dxc5 12. Nd2 h5 13. h4 Rg8 14. Nf3 Ne7 15. Rb1 Bg4 16. b4 Bxf3 17. Bxf3 Nf5 18. bxc5 Nxh4 19. Rxb7 Nxf3+ 20. exf3 Qd4 21. Kg2 Qxc5 22. Rh1 Rg5 23. Qe2 Kf8 24. Rh4 Rd8 25. f4 exf4 26. Rxf4 Qd6 27. Rd4 1-0

[Event "FRA-chT2C 0506"]
[Site "France"]
[Date "2006.04.02"]
[Round "11.4"]
[White "Abello, Sebastien"]
[Black "Sansorgne, Eliot"]
[Result "1-0"]
[WhiteElo "2255"]
[BlackElo "2075"]
[PlyCount "61"]
[EventDate "2005.10.27"]
[EventType "team"]
[EventRounds "11"]
[EventCountry "FRA"]
[SourceTitle "EXT 2006"]
[Source "ChessBase"]
[SourceDate "2005.11.24"]
[SourceVersion "1"]
[SourceVersionDate "2005.11.24"]
[SourceQuality "1"]
[WhiteTeam "Hyeres"]
[WhiteTeamCountry "FRA"]

1. d4 d5 2. c4 Nc6 3. Nc3 Nf6 4. Nf3 Bg4 5. cxd5 Nxd5 6. e4 Bxf3 7. gxf3 Nxc3 8. bxc3 a6 9. f4 e6 10. Be3 Qd7 11. Bd3 f5 12. e5 Rd8 13. Qf3 Qd5 14. Qxd5 Rxd5 15. Bc4 Ne7 16. Bxd5 Nxd5 17. Kd2 Kd7 18. c4 Nb4 19. Rhb1 b6 20. Kc3 a5 21. a3 Na6 22. Rb5 Be7 23. c5 Kc6 24. Kc4 Rb8 25. Rab1 g6 26. Bd2 a4 27. Be3 Bf8 28. Kc3 Be7 29. cxb6 Rxb6 30. d5+ exd5 31. Rxb6+ 1-0

[Event "FRA-chT2C 0506"]
[Site "France"]
[Date "2006.04.01"]
[Round "10.4"]
[White "Sansorgne, Eliot"]
[Black "Di Paolo, Raffaele"]
[Result "0-1"]
[WhiteElo "2075"]
[BlackElo "2325"]
[PlyCount "123"]
[EventDate "2005.10.27"]
[EventType "team"]
[EventRounds "11"]
[EventCountry "FRA"]
[SourceTitle "EXT 2006"]
[Source "ChessBase"]
[SourceDate "2005.11.24"]
[SourceVersion "1"]
[SourceVersionDate "2005.11.24"]
[SourceQuality "1"]

1. e4 c5 2. Nf3 Nc6 3. d4 cxd4 4. Nxd4 Qc7 5. Nc3 e6 6. Ndb5 Qb8 7. g3 a6 8. Nd4 Nf6 9. Bg2 Qc7 10. 0-0 Be7 11. Nxc6 dxc6 12. b3 e5 13. Bb2 Bg4 14. f3 Be6 15. Qe2 h5 16. Rfd1 h4 17. g4 Nh7 18. h3 Nf8 19. Qe1 Ng6 20. Ne2 0-0 21. Rd3 a5 22. a4 b5 23. Bc1 Rfd8 24. Rxd8+ Rxd8 25. Be3 b4 26. Bf1 c5 27. c4 bxc3 28. Qxc3 c4 29. bxc4 Bb4 30. Qc2 Bc5 31. Qc3 Bxc4 32. Rc1 Bxe2 33. Qxc5 Qxc5 34. Rxc5 Rd1 35. Rc1 Bxf3 36. Rxd1 Bxd1 37. Bb5 Nf4 38. Kh2 Bc2 39. Bc6 Ne6 40. Bb6 Nd4 41. Bd5 Bxa4 42. Bxa5 Bc6 43. Bxc6 Nxc6 44. Bc7 Kf8 45. Kg2 Ke8 46. Bd6 Kd7 47. Bf8 g5 48. Ba3 Nd4 49. Bb2 Kd6 50. Ba3+ Ke6 51. Kf2 Kf6 52. Bb4 Ne6 53. Kg2 Nf4+ 54. Kh2 Nd3 55. Ba5 Nc5 56. Bd8+ Kg6 57. Bc7 f6 58. Kg2 Nxe4 59. Bb6 Nc3 60. Bc7 Nd5 61. Ba5 Nf4+ 62. Kh2 0-1

[Event "FRA-ch U18"]
[Site "Aix les Bains"]
[Date "2006.04.??"]
[Round "7"]
[White "Sansorgne, Eliot"]
[Black "Ribeiro, Romain"]
[Result "0-1"]
[WhiteElo "2096"]
[BlackElo "2103"]
[PlyCount "119"]
[EventDate "2006.04.??"]
[EventType "swiss"]
[EventRounds "8"]
[EventCountry "FRA"]
[SourceTitle "EXT 2007"]
[Source "ChessBase"]
[SourceDate "2006.11.23"]
[SourceVersion "1"]
[SourceVersionDate "2006.11.23"]
[SourceQuality "1"]

1. e4 c5 2. Nf3 d6 3. Bb5+ Nd7 4. d4 Ngf6 5. Nc3 a6 6. Bxd7+ Nxd7 7. Be3 cxd4 8. Bxd4 b5 9. 0-0 Bb7 10. e5 dxe5 11. Nxe5 e6 12. Qe2 b4 13. Na4 Nxe5 14. Qxe5 Qd6 15. Qxd6 Bxd6 16. Bc5 Bxc5 17. Nxc5 Bd5 18. Nd3 Rb8 19. Rfe1 0-0 20. a3 bxa3 21. Rxa3 Rfc8 22. c3 Bc4 23. Nb4 g6 24. g3 Kg7 25. Rb1 Rb6 26. Rd1 Rc5 27. Rda1 Kf6 28. Ra5 Re5 29. Rxe5 Kxe5 30. f3 Rd6 31. Nc2 h5 32. Ne3 Bb3 33. Ra3 Rb6 34. Kf2 Kd6 35. Nf1 Bd5 36. b4 f5 37. Nd2 Bc6 38. Nb3 Bb5 39. Nd4 Kd5 40. f4 Kc4 41. Ke3 Rd6 42. Kd2 Rd8 43. Kc2 Kd5 44. Ra5 Rb8 45. Nxb5 axb5 46. Ra7 Rb6 47. Rc7 Ke4 48. Rg7 e5 49. Re7 Kf3 50. Rxe5 h4 51. Rd5 hxg3 52. hxg3 Kxg3 53. Rd4 g5 54. fxg5 f4 55. Kd2 f3 56. Ke1 Re6+ 57. Kf1 Ra6 58. Rd1 Ra2 59. g6 Rh2 60. Ke1 0-1

[Event "FRA-chT2C 0506"]
[Site "France"]
[Date "2006.03.11"]
[Round "8.6"]
[White "Marino, Olivier"]
[Black "Sansorgne, Eliot"]
[Result "1-0"]
[WhiteElo "2102"]
[BlackElo "2075"]
[PlyCount "57"]
[EventDate "2005.10.27"]
[EventType "team"]
[EventRounds "11"]
[EventCountry "FRA"]
[SourceTitle "EXT 2006"]
[Source "ChessBase"]
[SourceDate "2005.11.24"]
[SourceVersion "1"]
[SourceVersionDate "2005.11.24"]
[SourceQuality "1"]

1. e4 e5 2. Nf3 Nc6 3. Bb5 Bc5 4. 0-0 Nf6 5. d3 d6 6. c3 0-0 7. Nbd2 Bg4 8. h3 Bh5 9. Re1 Ne7 10. Nf1 c6 11. Ba4 Qb6 12. Qe2 Qc7 13. Ng3 Bg6 14. Nh4 h6 15. Qf3 Rad8 16. Bxh6 Nxe4 17. Nxe4 gxh6 18. Bb3 Bb6 19. Nxg6 Nxg6 20. Nf6+ Kh8 21. Qh5 Kg7 22. Ng4 Rh8 23. d4 exd4 24. Qf5 d5 25. Qf6+ Kh7 26. Bc2 Rde8 27. Ne5 Rxe5 28. Rxe5 Bc5 29. Rae1 1-0

[Event "Montpellier op 12th"]
[Site "Montpellier"]
[Date "2005.07.09"]
[Round "7"]
[White "Marholev, Dimitar"]
[Black "Sansorgne, Eliot"]
[Result "1-0"]
[WhiteElo "2423"]
[BlackElo "1820"]
[PlyCount "27"]
[EventDate "2005.07.03"]
[EventType "swiss"]
[EventRounds "9"]
[EventCountry "FRA"]
[SourceTitle "EXT 2006"]
[Source "ChessBase"]
[SourceDate "2005.11.24"]
[SourceVersion "1"]
[SourceVersionDate "2005.11.24"]
[SourceQuality "1"]

1. e4 e5 2. Nf3 Nc6 3. Bb5 Bc5 4. 0-0 Nf6 5. Nxe5 Nxe5 6. d4 Bxd4 7. Qxd4 Qe7 8. Nc3 0-0 9. Bg5 c6 10. f4 Ng6 11. e5 cxb5 12. exf6 Qe6 13. fxg7 Re8 14. Nd5 1-0